000 00663nam a2200241Ia 4500
005 20260430150100.0
008 008 250103s9999 xx 000 0 eng d
037 _aTheses
040 _aCRL
040 _beng
040 _ceng
041 _2eng
041 _aeng
084 _qCRL
100 _aKalwani Mukesh Au.; Mahlawat Shabnam Gu.
_91236402
245 0 _aGreen Justice-Emerging Trends in India with Special Reference to models Adopted in Australia and New Zealand
260 _c2022
300 _a305p.
650 _aLaw
700 _aUniversity of Delhi. Faculty of Law. Deptt of law
_91236403
942 _cTH
999 _c1848902
_d1848902